Least Used National Rail Station for Every London Borough - Statistics

General Stats
  • This quiz has been taken 116 times
    30 since last reset
  • The average score is 7 of 33
Answers on the Map
Answers color-coded by a green-red scale on the quiz's map according to % correct below.
 
Answer Stats
Local Authority Least Used Station % Correct
City of London City Thameslink
57%
Islington Essex Road
43%
Havering Emerson Park
33%
Merton Morden South
33%
Harrow Sudbury Hill Harrow
33%
Bromley Birkbeck
29%
Barking and Dagenham Dagenham Dock
29%
Ealing Drayton Green
29%
Waltham Forest Lea Bridge
29%
Westminster London Marylebone
29%
Enfield Crews Hill
24%
Richmond upon Thames North Sheen
24%
Southwark South Bermondsey
24%
Sutton Belmont
19%
Haringey Bowes Park
19%
Barnet Brent Cross West
19%
Kingston upon Thames Chessington South
19%
Kensington and Chelsea Kensington (Olympia)
19%
Camden South Hampstead
19%
Brent Sudbury & Harrow Road
19%
Lambeth Wandsworth Road
19%
Greenwich Woolwich Dockyard
19%
Bexley Albany Park
14%
Lewisham Beckenham Hill
14%
Tower Hamlets Cambridge Heath
14%
Croydon Coulsdon Town
14%
Wandsworth Queenstown Road
14%
Redbridge Seven Kings
14%
Hackney Stamford Hill
14%
Newham Woodgrange Park
14%
Hounslow Chiswick
10%
Hammersmith and Fulham Imperial Wharf
10%
Hillingdon South Ruislip
10%
No matching quizzes found
Score Distribution
Percent of People with Each Score
Percentile by Number Answered
Your Score History
You have not taken this quiz since the last reset